Normal view MARC view
  • García y Barragán, Luis F.

Entry Nombre Personal

Number of records used in: 1

001 - NUMERO DE CONTROL

  • campo de control: 47515

003 - IDENTIFICADOR DE NUMERO DE CONTROL

  • campo de control: UPN

005 - FECHA Y HORA DE LA ÜLTIMA TRANSACCIÓN

  • campo de control: 20230111120057.0

008 - DATOS DE LONGITUD FIJA

  • campo de control de longitud fija: 221201|| acn||aabn | a|a d

024 ## - OTROS IDENTIFICADORES NORMALIZADOS

  • Fuente: orcid
  • Número normalizado o código: 0000-0002-1328-9814

040 ## - FUENTE DE CATALOGACIÓN

  • Agencia original de catalogación: MX-MxUPN

100 1# - ENCABEZAMIENTO - NOMBRE PERSONAL

  • Nombre personal: García y Barragán, Luis F.

370 ## - LUGAR ASOCIADO

  • Place of birth: México

371 ## - DIRECCIÓN

  • Address: Bulevard Milenio 1001, Fracción del Predio, San Carlos
  • City: León, Guanajuato
  • Intermediate jurisdiction: México
  • Country: 37670

372 ## - CAMPO DE ACTIVIDAD

  • Field of activity: Psicología Social
  • Field of activity: Metodología y estadística, cultura y bienestar.
  • Field of activity: Docencia

373 ## - GRUPO ASOCIADO

  • Associated group: Universidad de Guanajuato

374 ## - OCUPACIÓN

  • Occupation: Doctor en psicología social
  • Occupation: Profesor universitario

375 ## - GÉNERO

  • Gender: masculino

377 ## - LENGUA ASOCIADA

  • Language code: spa

400 1# - VEÁSE - NOMBRE DE PERSONA

  • Personal name: García y Barragán, Luis Felipe

670 ## - FUENTE EN LA QUE SE LOCALIZARON DATOS

  • Cita de la fuente: En recurso en línea Acta de investigación psicológica, Vol. 10, no. 2 (2020):
  • Información localizada: página 56 (Luis F. García y Barragán)
  • Uniform Resource Identifier: https://www.revista-psicologia.unam.mx/revista_aip/index.php/aip/article/view/346/278

902 ## - CATALOGADOR

  • Catalogador: RGJD/011222